000 00626nam a2200193 a 4500
001 000028497
005 20200930054957.0
008 100226s2010 dr a 000 0 spa d
020 _a9789993467588
040 _aDO-SdBNP
_bspa
_cBNPHU
082 _axxxx
_bL318r, 2010
100 1 _aLara Viñas, Fernando de
_913191
245 1 0 _aReminiscencias de un bananero /
_cFernando de Lara Viñas.
250 _a2a ed. ampl. y correg.
260 _aSanto Domingo :
_bAmigo del hogar,
_c2010.
300 _a274 p. :
_bil. ;
_c24 cm.
500 _aIncluye datos biográficos del autor en la solapa de la contracubierta
049 _aBNPD
999 _c27989
_d27989